[Event "DEN-ch U14 rapid"]
[Site "Odense"]
[Date "2021.10.01"]
[Round "5"]
[White "Pihl, William"]
[Black "Hald Falkesgaard, Jeppe"]
[Result "0-1"]
[WhiteElo "1718"]
[BlackElo "1828"]
[PlyCount "108"]
[EventDate "2021.10.01"]
[EventType "swiss"]
[EventRounds "5"]
[EventCountry "DEN"]
[SourceTitle "EXT 2024"]
[Source "ChessBase"]
[SourceDate "2023.10.10"]
[SourceVersion "1"]
[SourceVersionDate "2023.10.10"]
[SourceQuality "1"]

1. e4 c5 2. Nf3 e6 3. d4 cxd4 4. Nxd4 Nc6 5. Be3 Qc7 6. Be2 Nf6 7. Nc3 Be7 8. 0-0 a6 9. Qd2 0-0 10. Rad1 d6 11. f4 Bd7 12. Nb3 b5 13. Bf3 Rac8 14. g4 b4 15. Ne2 a5 16. g5 Ne8 17. Rf2 f6 18. h4 a4 19. Nbd4 fxg5 20. hxg5 Na5 21. Ng3 Nc4 22. Qc1 Qc5 23. Bg4 Nxe3 24. Qxe3 Nc7 25. Qd2 Kh8 26. Kh1 g6 27. Rh2 Rf7 28. Nf3 Rcf8 29. Nh4 Kg8 30. Ne2 Bc6 31. Bf3 Nb5 32. Rg1 Bd8 33. Rg3 Bb6 34. Rgh3 Rxf4 35. Qe1 Rxf3 36. Nxf3 Bxe4 37. Neg1 Qxg1+ 38. Qxg1 Bxg1 39. Kxg1 Bxf3 40. Rf2 Be4 41. Rxf8+ Kxf8 42. Rxh7 Bxc2 43. Rh8+ Kg7 44. Rb8 Nd4 45. Rb7+ Kf8 46. Rxb4 Nf3+ 47. Kf2 Nxg5 48. Rc4 Bd3 49. Rxa4 Ke7 50. Rd4 Ba6 51. a4 e5 52. Rb4 Ke6 53. a5 Kf5 54. Rb6 Bc4 0-1

[Event "Helsingor Xtracon op"]
[Site "Helsingor"]
[Date "2019.07.27"]
[Round "9"]
[White "Markussen, Bernt Olav"]
[Black "Pihl, William"]
[Result "1/2-1/2"]
[WhiteElo "1761"]
[BlackElo "1669"]
[PlyCount "54"]
[EventDate "2019.07.20"]
[EventType "swiss"]
[EventRounds "10"]
[EventCountry "DEN"]
[SourceTitle "CBM 191 Extra"]
[Source "ChessBase"]
[SourceDate "2019.09.30"]
[SourceVersion "1"]
[SourceVersionDate "2019.09.30"]
[SourceQuality "1"]

1. d4 d5 2. Bf4 Nf6 3. e3 Bf5 4. c4 e6 5. Qb3 Nbd7 6. Nc3 dxc4 7. Bxc4 Nb6 8. Nf3 Be7 9. 0-0 0-0 10. Rfd1 c6 11. Ne5 Nfd5 12. Bg3 a5 13. Nxd5 exd5 14. Bd3 Bxd3 15. Nxd3 a4 16. Qc2 Bd6 17. Bxd6 Qxd6 18. Qc5 Qxc5 19. Nxc5 Nc4 20. b3 axb3 21. axb3 Nd6 22. Nd7 Rfd8 23. Nb6 Rxa1 24. Rxa1 Nb5 25. Kf1 Re8 26. Ra4 f6 27. Ke1 Kf7 1/2-1/2

[Event "Helsingor Xtracon op"]
[Site "Helsingor"]
[Date "2019.07.24"]
[Round "6"]
[White "Pihl, William"]
[Black "Ben Porat, Tal"]
[Result "1/2-1/2"]
[WhiteElo "1669"]
[BlackElo "1928"]
[PlyCount "169"]
[EventDate "2019.07.20"]
[EventType "swiss"]
[EventRounds "10"]
[EventCountry "DEN"]
[SourceTitle "CBM 191 Extra"]
[Source "ChessBase"]
[SourceDate "2019.09.30"]
[SourceVersion "1"]
[SourceVersionDate "2019.09.30"]
[SourceQuality "1"]

1. e4 c5 2. Nf3 Nc6 3. Bb5 g6 4. Bxc6 bxc6 5. d4 Bg7 6. dxc5 Qa5+ 7. Bd2 Qxc5 8. Nc3 Ba6 9. e5 Bxe5 10. Nxe5 Qxe5+ 11. Be3 Nf6 12. Qd2 Nd5 13. Nxd5 Qxd5 14. 0-0-0 Qxd2+ 15. Rxd2 d6 16. Bd4 0-0 17. Re1 Rfe8 18. g4 f6 19. f4 c5 20. Bc3 Rad8 21. g5 fxg5 22. fxg5 Bb7 23. b3 e5 24. b4 c4 25. h4 Bc6 26. a3 Rd7 27. Kb1 Re6 28. Ka2 a6 29. Ka1 Rf7 30. Red1 d5 31. Re1 Rf3 32. Rxe5 Rxe5 33. Bxe5 Rxa3+ 34. Kb2 Re3 35. Bf6 Re4 36. Rd4 Re2 37. Rd1 Kf7 38. Rf1 Ba4 39. Bd4+ Ke8 40. Rc1 Rh2 41. Bc5 Kd7 42. Rf1 Rxh4 43. Rf7+ Kd8 44. Ra7 Bb5 45. Ra8+ Kc7 46. Ra7+ Kb8 47. Re7 d4 48. Rf7 d3 49. Rf8+ Kc7 50. Rf7+ Bd7 51. cxd3 cxd3 52. Kc3 Rh3 53. Kd2 Kc6 54. Rf6+ Kb5 55. Kc3 Bc6 56. Rd6 Rg3 57. Rxd3 Rxg5 58. Rd1 Rxc5+ 59. bxc5 Kxc5 60. Rg1 Be4 61. Rg4 Bf5 62. Rc4+ Kd5 63. Ra4 h5 64. Rxa6 Ke4 65. Kd2 Kf3 66. Ra3+ Kf2 67. Ra4 Bg4 68. Ra6 Bf5 69. Ra4 Kg3 70. Ra3+ Kf4 71. Ke2 h4 72. Kf2 g5 73. Rf3+ Kg4 74. Ra3 Be4 75. Ra4 Kf4 76. Kg1 g4 77. Kh2 Ke3 78. Ra3+ Bd3 79. Rb3 Kd4 80. Rb4+ Bc4 81. Ra4 Kc3 82. Ra7 Be2 83. Rh7 h3 84. Rxh3+ gxh3 85. Kxh3 1/2-1/2

[Event "Helsingor Xtracon op"]
[Site "Helsingor"]
[Date "2019.07.23"]
[Round "5"]
[White "Satre, Roger"]
[Black "Pihl, William"]
[Result "1/2-1/2"]
[WhiteElo "1867"]
[BlackElo "1669"]
[PlyCount "47"]
[EventDate "2019.07.20"]
[EventType "swiss"]
[EventRounds "10"]
[EventCountry "DEN"]
[SourceTitle "CBM 191 Extra"]
[Source "ChessBase"]
[SourceDate "2019.09.30"]
[SourceVersion "1"]
[SourceVersionDate "2019.09.30"]
[SourceQuality "1"]

1. d4 d5 2. Nf3 Bf5 3. c4 e6 4. Nc3 Nc6 5. Qb3 Nb4 6. e4 dxe4 7. a3 exf3 8. axb4 Qxd4 9. Be3 Qd6 10. c5 Qe5 11. gxf3 Nf6 12. Bg2 c6 13. f4 Qc7 14. b5 Nd5 15. b6 Qb8 16. Qa4 Qd8 17. 0-0 Be7 18. Rfd1 0-0 19. bxa7 Qc7 20. Nxd5 exd5 21. b4 Bf6 22. Ra3 Rfd8 23. b5 Qd7 24. b6 1/2-1/2

[Event "Copenhagen Challenge"]
[Site "Ballerup"]
[Date "2019.05.19"]
[Round "8"]
[White "Werner, Jakob"]
[Black "Pihl, William"]
[Result "1/2-1/2"]
[WhiteElo "1686"]
[BlackElo "1496"]
[PlyCount "60"]
[EventDate "2019.05.15"]
[EventType "swiss"]
[EventRounds "9"]
[EventCountry "DEN"]
[SourceTitle "CBM 190 Extra"]
[Source "ChessBase"]
[SourceDate "2019.07.15"]
[SourceVersion "1"]
[SourceVersionDate "2019.07.15"]
[SourceQuality "1"]

1. d4 d5 2. Nf3 Nf6 3. g3 Bf5 4. Bg2 Nc6 5. 0-0 e6 6. c4 Be7 7. Nc3 0-0 8. Re1 Nb4 9. cxd5 exd5 10. e4 Nxe4 11. a3 Nxc3 12. bxc3 Nc2 13. Re5 Nxa1 14. Rxf5 Qd7 15. Re5 Bf6 16. Re2 Qc6 17. Bb2 Qa6 18. Re1 Rfe8 19. Qxa1 Rxe1+ 20. Qxe1 g6 21. Bc1 Bg7 22. Ne5 Qe6 23. Nd3 Qxe1+ 24. Nxe1 c6 25. Kf1 Re8 26. Nd3 b6 27. Bh3 c5 28. dxc5 bxc5 29. Nxc5 Bxc3 30. Nd3 d4 1/2-1/2

[Event "Copenhagen Challenge"]
[Site "Ballerup"]
[Date "2019.05.16"]
[Round "2"]
[White "Pihl, William"]
[Black "Steenstrup, Svend"]
[Result "0-1"]
[WhiteElo "1496"]
[BlackElo "1936"]
[PlyCount "39"]
[EventDate "2019.05.15"]
[EventType "swiss"]
[EventRounds "9"]
[EventCountry "DEN"]
[SourceTitle "CBM 190 Extra"]
[Source "ChessBase"]
[SourceDate "2019.07.15"]
[SourceVersion "1"]
[SourceVersionDate "2019.07.15"]
[SourceQuality "1"]

1. e4 c5 2. Nf3 d6 3. d4 cxd4 4. Nxd4 Nf6 5. Nc3 g6 6. Be2 Bg7 7. h3 Qb6 8. Nb3 Nbd7 9. 0-0 0-0 10. Be3 Qc6 11. Nd4 Qc7 12. f3 a6 13. Qd2 Ne5 14. Bh6 Bxh6 15. Qxh6 Qc5 16. Rad1 Nc6 17. Na4 Qa7 18. Qe3 e5 19. Nf5 gxf5 20. Ra1 0-1